| 000 | 01170nab a22002057a 4500 | ||
|---|---|---|---|
| 999 |
_c6237 _d6237 |
||
| 003 | OSt | ||
| 005 | 20260126045650.0 | ||
| 008 | 190514b xxu||||| |||| 00| 0 spa d | ||
| 040 | _cPJ | ||
| 100 |
_96955 _aOrlievsky, Natalia Soledad |
||
| 245 | 1 | 3 |
_aEl desafío de la cuantificación económica / _bNatalia Soledad Orlievsky. |
| 300 | _ap. 205-214 | ||
| 500 | _aCita: TR LALEY AR/DOC/2667/2024. | ||
| 505 | _aSumario: I. Palabras introductorias.— II. Aproximando una conceptualización de la compensación económica.— III. El caso en comentario.— IV. Lo que dice el fallo.— V. Lo resuelto.— VI. Pautas generales para la fijación de la compensación.— VII. Cuantificación.— VIII. Cierre y reflexiones. | ||
| 505 | _tFallo comentado: SC Mendoza, sala I ~ 14/03/2024 ~ F., M. C. c. G., D. D. por compensación económica (mixto) SCANEAD s/ recurso extraordinario provincial. | ||
| 650 | 0 |
_9967 _aDERECHO DE FAMILIA |
|
| 650 | 0 |
_91057 _aJURISPRUDENCIA APLICABLE |
|
| 773 | 0 |
_02844 _93222 _dBuenos Aires : AbeledoPerrot, 1989- _tDerecho de familia. Revista Interdisciplinaria de doctrina y jurisprudencia. Diciembre 2024-VI. _z18511201 |
|
| 942 |
_2udc _cANA |
||